[Event "Rio de Janeiro Autumn op"]
[Site "Rio de Janeiro"]
[Date "2016.03.27"]
[Round "6"]
[White "Da Silva, Daniel Rodrigo"]
[Black "Cifuentes Goncalves, Luiz Osvaldo"]
[Result "0-1"]
[WhiteElo "1913"]
[BlackElo "1778"]
[PlyCount "74"]
[EventDate "2016.03.25"]
[EventType "swiss"]
[EventRounds "6"]
[EventCountry "BRA"]
[SourceTitle "CBM 171 Extra"]
[Source "ChessBase"]
[SourceDate "2016.04.26"]
[SourceVersion "1"]
[SourceVersionDate "2016.04.26"]
[SourceQuality "1"]

1. e4 c5 2. Nf3 d6 3. d4 cxd4 4. Nxd4 Nf6 5. Nc3 a6 6. Bg5 e6 7. Qd2 Be7 8. f3 Nbd7 9. 0-0-0 Qc7 10. g4 h6 11. Be3 Rb8 12. h4 b5 13. Bd3 Ne5 14. g5 Nxd3+ 15. Qxd3 Nd7 16. gxh6 gxh6 17. f4 b4 18. Nce2 Nc5 19. Qc4 a5 20. Nb3 Ba6 21. Qd4 e5 22. fxe5 dxe5 23. Nxc5 Bxe2 24. Ne6 fxe6 25. Qd2 Bxd1 26. Qxd1 h5 27. Qg1 Kd7 28. Qg6 Qc6 29. Qf7 Rbe8 30. Bg5 Rhf8 31. Rd1+ Kc8 32. Qxh5 Rf2 33. Bd2 Rd8 34. Qg4 a4 35. h5 b3 36. axb3 axb3 37. c3 Qa6 0-1